<?xml version="1.0" encoding="UTF-8"?>
<marc:record xmlns:marc="http://www.loc.gov/MARC21/slim">
   <marc:leader>00000nam a2200000 a 4500</marc:leader>
   <marc:datafield ind1="1" ind2=" " tag="100">
      <marc:subfield code="a">Sittenfeld, Curtis</marc:subfield>
      <marc:subfield code="4">aut</marc:subfield>
      <marc:subfield code="e">Verfasser/-in</marc:subfield>
   </marc:datafield>
   <marc:datafield ind1="0" ind2="0" tag="245">
      <marc:subfield code="a">Rodham</marc:subfield>
   </marc:datafield>
   <marc:datafield ind1="0" ind2="0" tag="245">
      <marc:subfield code="b">a novel</marc:subfield>
   </marc:datafield>
   <marc:datafield ind1="0" ind2="0" tag="245">
      <marc:subfield code="c">Curtis Sittenfeld</marc:subfield>
   </marc:datafield>
   <marc:datafield ind1=" " ind2="1" tag="264">
      <marc:subfield code="a">Great Britian</marc:subfield>
      <marc:subfield code="b">Doubleday</marc:subfield>
      <marc:subfield code="c">2020</marc:subfield>
   </marc:datafield>
   <marc:datafield ind1="1" ind2=" " tag="520">
      <marc:subfield code="a">&#x84;Für ein Mädchen ziemlich eigensinnig&#x93; &#x96; so wird Hillary in ihrer Kindheit in einem Vorort von Chicago genannt. Klug, fleißig und ein bisschen unscheinbar, so lautet die allgemeine Meinung. Dann beginnt Hillary ihr Studium, und ihr Stern steigt. An der Yale Law School bleibt sie eine Führungspersönlichkeit und erregt die Aufmerksamkeit des ehrgeizigen, gutaussehenden und charismatischen Bill. Doch als er ihr einen Heiratsantrag macht, sagt Hillary entschieden Nein. Der Rest ist, wie man so schön sagt, nicht Geschichte. Wie hätte sich alles für sie, für Amerika, für die Welt entwickelt, wenn Hillary Rodham Bill Clinton tatsächlich abgewiesen hätte?</marc:subfield>
   </marc:datafield>
   <marc:datafield ind1=" " ind2=" " tag="020">
      <marc:subfield code="a">9780857526137</marc:subfield>
      <marc:subfield code="9">9780857526137</marc:subfield>
   </marc:datafield>
   <marc:datafield ind1=" " ind2=" " tag="041">
      <marc:subfield code="a">eng</marc:subfield>
   </marc:datafield>
   <marc:datafield ind1=" " ind2=" " tag="300">
      <marc:subfield code="a">420 Seiten</marc:subfield>
   </marc:datafield>
</marc:record>
